Statistiques concernant Pays les plus proches de l'Espagne - une minute sprint

Cliquez ici pour prendre le quiz!

Statistiques générales

  • Ce quiz a été pris 82 fois
  • Le résultat moyen est 15 sur 20

Statistiques - réponses

kmpays% Correct
0France
100%
0Maroc
100%
0Portugal
99%
68Algérie
97%
334Italie
96%
0Andorre
94%
468Suisse
92%
498Tunisie
88%
671Allemagne
78%
0Gibraltar
(Royaume-Uni)
78%
374Monaco
76%
805Belgique
74%
719Vatican
58%
811Luxembourg
56%
314Mauritanie
55%
802Saint-Marin
53%
724Autriche
51%
816Mali
45%
716Liechtenstein
41%
860Irlande
37%

Distribution des résultats

Percentile par nombre de réponses

% des personnes avec chaque résultat

Votre développement - résultats

Vous n’avez pas pris ce quiz